00783nam a2200241 a 450000100060000000300080000600500170001400800410003103500230007203500190009503500170011404000280013104100080015908200200016710000220018724500890020926000580029830000250035649000390038150400300042065100510045083000400050154560BD-RjUL20211209080134.0161107s1966 nju b 000 0 eng  a(OCoLC)ocm00414799 a(BD-RjUL)54682 a(NNC)1212533 aDLCcDLCdm/cdZCUbeng aeng a962 bTIM 1966 1 aTignor, Robert L.10aModernization and British colonial rule in Egypt, 1882-1914 / cby Robert L. Tignor. aPrinceton, N.J. :bPrinceton University Press,c1966. axi, 417 p. :c22 cm.1 aPrinceton studies on the Near East aBibliography: p. 401-406. 0aEgyptxHistoryyBritish occupation, 1882-1936. 0aPrinceton studies on the Near East.